000
00319nam a2200133Ia 4500
008
220204s9999 xx 000 0 und d
082
_a
581
_b
GAL
100
_a
GALSTON, Arthur W
245
0
_a
Life of the green plant.
250
_a
Ed.2
260
_a
Delhi
_b
Prentice Hall
_c
1968
650
_a
Green plant
942
_c
BK
999
_c
20909
_d
20909